000 00566aas a2200181 4500
999 _c61064
_d61064
001 768714001
003 CO-MdFUSB
005 20170829161633.0
008 170829s2005 xxu||||| |||| 00| 0 eng d
022 _a0120-3649
040 _aCO-MdFUSB
_bspa
_cCO-MdFUSB
_dCO-MdFUSB
041 _aeng
245 1 0 _aForgery hysteria grips Israel
300 _aVolumen 31. Número 5 (2005), páginas 52-56
_c: 28 cm.
546 _aTexto en inglés
773 0 _tBiblical Archaeology Review
_049395
_959448
_gVolumen 31. Número 5 (2005), páginas 52-56
_qpágina 52
942 _cANA